Responses for Show #2272 - Tuesday, June 21, 1994

Contestants

[<< previous game]

Jonathan Kaufman, a law student from Flushing, New York

Jan Littler, a daycare provider from Arcadia, California

Robert Jeantet, a college teacher from Tallmadge, Ohio (whose 1-day cash winnings total $12,400)

[next game >>]

Jeopardy! Round responses

ZOOLOGY
TV TRIVIA
FOOD
MAGAZINES
MANMADE STRUCTURES
ON THE "HOUSE"
    $100 1
a camel

Jan
    $100 2
(Jan: What is Hawaii?)

Oahu

JanJonathan
    $100 11
(Jonathan: What is the potato?)

the sweet potato

JanJonathan
    $100 13
Rolling Stone

Jonathan
    $100 21
the Empire State Building

Jonathan
    $100 26
a house of worship

Jonathan
    $200 7
the pelican

Robert
    $200 3
The Andy Griffith Show

Jan
    $200 12
taffy

Jonathan
    $200 14
Gentlemen's Quarterly

Jan
    $200 22
Istanbul

Robert
    $200 27
a full house

Jan
    $300 8
(Jonathan: What are snakes?)

amphibians

Jonathan
Triple Stumper
    $300 4
Dudley Do-Right

Jonathan
    $300 15
the cashew

Triple Stumper
    $300 18
Billy Graham

Robert
    $300 23
(Alex: Then the Boulder Dam.)

Hoover Dam

Robert
    $300 28
the House of Commons & the House of Lords

Jonathan
    $400 9
a nautilus

Jan
    $400 5
(Robert: What was The Flying Nun?)

Gidget

RobertJan
    $400 16
(Jan: What is morrow?)

gelatin

RobertJan
    $400 19
The Atlantic

Jonathan
    $400 24
the Space Needle

Robert
    $400 29
Hull House

Jonathan
    $500 10
the deer

Robert
    $500 6
Dynasty

Robert
    $800 17
sweetbreads

Robert
    $500 20
Maclean's

Jonathan
    $500 25
George V

Robert
    $500 30
A Doll's House

Jonathan

Scores at the first commercial break (after clue 15):

Robert Jan Jonathan
$800 $1,300 $300

Scores at the end of the Jeopardy! Round:

Robert Jan Jonathan
$3,700 $1,100 $2,600

Double Jeopardy! Round responses

WORLD LEADERS
NATIONAL MONUMENTS
ARTISTS
THE BIBLE
THE AMERICAN REVOLUTION
FICTIONAL CHARACTERS
    $200 7
Ferdinand Marcos

Jonathan
    $200 26
Alaska

Jonathan
    $200 2
(John) Audubon

Robert
    $200 12
Adam & Eve

Jan
    $200 1
Philadelphia

Robert
    $200 18
Huckleberry Finn

Jonathan
    $400 8
Mikhail Gorbachev

Jonathan
    $400 27
Booker T. Washington

Triple Stumper
    $400 3
Pablo Picasso

Robert
    $400 13
Methuselah

Jonathan
    $400 14
Cornwallis

Jan
    $400 19
Miss Marple

Jonathan
    $600 9
Iran

Jonathan
    $600 28
New York City

Jonathan
    $600 4
Remington

Jonathan
    $1,100 23
John the Baptist

Jan
    $600 15
Abigail Adams

Jan
    $600 20
Quasimodo

Jan
    $800 10
Mussolini

Jonathan
    $800 29
Devils Tower

Robert
    $800 5
Rembrandt

Jonathan
    $800 24
King Saul

Robert
    $800 16
the Bonhomme Richard

Robert
    $800 21
Sir Walter Scott

Triple Stumper
    $1000 11
Benazir Bhutto

Jonathan
    $1000 30
Rainbow Bridge

Jonathan
    $1000 6
Erte

Robert
    $1000 25
John & James

Triple Stumper
    $1000 17
von Steuben

Robert
    $2,000 22
Tom Jones

Jan

Scores at the end of the Double Jeopardy! Round:

Robert Jan Jonathan
$8,900 $6,000 $9,800

[wagering suggestions for these scores]

Final Jeopardy! Round responses

ISLANDS
JanWhat is Pitcairn
$4,000
RobertWhat is Cook Island?
$8,900
JonathanWhat is Cook Island?
$8,001
Pitcairn Island

Final scores:

Robert Jan Jonathan
$0 $10,000 $1,799
3rd place: Daniel Mink his & hers watches New champion: $10,000 2nd place: trip to Boston, Massachusetts

Game dynamics:

Coryat scores:

Robert Jan Jonathan
$8,600 $4,500 $9,800
18 R
(including 1 DD),
1 W
13 R
(including 2 DDs),
2 W
24 R,
2 W

Combined Coryat: $22,900

[game clues] [game scores] [suggest correction]

Game tape date: 1994-02-08
The J! Archive is created by fans, for fans. Scraping, republication, monetization, and malicious use prohibited; this site may use cookies and collect identifying information. See terms. The Jeopardy! game show and all elements thereof, including but not limited to copyright and trademark thereto, are the property of Jeopardy Productions, Inc. and are protected under law. This website is not affiliated with, sponsored by, or operated by Jeopardy Productions, Inc. Join the discussion at JBoard.tv.